| 000 | 00480ntaaa2200193 4500 | ||
|---|---|---|---|
| 003 | 01 | ||
| 005 | 20251027203036.0 | ||
| 008 | 0714s1973 ag 01 | ||
| 020 | _a2825408034 | ||
| 040 |
_aAR-BaBN _bspa _cAR-BaBN _eaacr _dRIC |
||
| 082 | _a274.4690 C47c | ||
| 245 | _aThe churches in Portugal | ||
| 250 | _a1 ed. | ||
| 260 |
_aGeneva : _bWCC, _c1984 |
||
| 300 |
_a36 p ; _cfotos ; 21 cm |
||
| 650 |
_aIglesias-Portugal _931506 |
||
| 650 |
_aPortugal-Iglesias _931507 |
||
| 942 | _cBK | ||
| 999 |
_c25778 _d25778 |
||